Gl'innamorati /

Gespeichert in:
Bibliographische Detailangaben
1. Verfasser: Goldoni, Carlo, (1707-1793) (Verfasst von)
Weitere Verfasser: Antonucci, Giovanni, (1941- )
Format: Buch
Sprache:Italienisch
Veröffentlicht: Roma : TEN, 1994
Ausgabe:Ed. integrale
Schriftenreihe:Centopaginemillelire ; 138
Tags: Tag hinzufügen
Keine Tags, Fügen Sie das erste Tag hinzu!

MARC

LEADER 00000nam a22000007i 4500
001 IT\ICCU\LO1\0338370
003 ItRI
005 20260115231935.0
008 940615s1994 it |||||| ||||| |||||c
020 |a 887983388X 
040 |b ita  |c importazione bologna sebina 
041 7 |a ita  |2 ISO-639-2 
082 |a 852.6  |9 LETTERATURA DRAMMATICA ITALIANA. 1748-1814  |2 19 
100 1 |a Goldoni, Carlo,  |d  (1707-1793)  |0 IT\ICCU\CFIV\006378  |4 aut 
245 1 3 |a Gl'innamorati /  |c Carlo Goldoni ; a cura di Giovanni Antonucci. 
250 |a Ed. integrale 
260 |a Roma :  |b TEN,  |c 1994 
300 |a 91 p. ;  |c 20 cm. 
700 1 |a Antonucci, Giovanni,  |d  (1941- )  |0 IT\ICCU\CFIV\048982 
790 0 |a Poliseno Fegejo  |3 IT\ICCU\PUVV\177678  |z Goldoni, Carlo (1707-1793) 
790 0 |a Polisseno Fegeio  |3 IT\ICCU\TO0V\258300  |z Goldoni, Carlo (1707-1793) 
790 0 |a Polisseno Fegejo  |3 IT\ICCU\SBNV\010889  |z Goldoni, Carlo (1707-1793) 
790 1 |a Antonucci, Giovanni Antonio  |3 IT\ICCU\AUFV\000484  |z Antonucci, Giovanni (1941- ) 
790 1 |a Goldoni, Karlo  |3 IT\ICCU\PUVV\322836  |z Goldoni, Carlo (1707-1793) 
790 1 |a Guldòn, Carlu  |3 IT\ICCU\CFIV\133754  |z Goldoni, Carlo (1707-1793) 
790 1 |a Nkolntoni, Karlo  |3 IT\ICCU\PUVV\322835  |z Goldoni, Carlo (1707-1793) 
830 0 |a Centopaginemillelire ;  |v 138  |0 IT\ICCU\RAV\0196182 
942 |2 ddc  |c BK  |n 0 
952 |0 0  |1 0  |4 0  |6 DOC_852_600000000000000_GOL  |7 0  |9 17278  |a BO  |b BO  |d 2026-01-15  |i 10265  |l 0  |o DOC 852.6 GOL  |p BO10265  |r 2026-01-15 23:19:35  |w 2026-01-15  |x [Sebina 5] [1 v.]  |y BK  |z 1 v. 
999 |c 14755  |d 14755